Deux études sur les relations entre groupes ethniques en Afrique: Senegal, Republique-Unie de Tanzanie
-д хадгалсан:
| Байгууллагын зохиогч: | |
|---|---|
| Формат: | Ном |
| Хэл сонгох: | франц |
| Хэвлэсэн: |
París
UNESCO
1973
|
| Нөхцлүүд: | |
| Шошгууд: |
Шошго нэмэх
Шошго байхгүй, Энэхүү баримтыг шошголох эхний хүн болох!
|
MARC
| LEADER | 00000nam a2200000 a 4500 | ||
|---|---|---|---|
| 001 | UCP6399 | ||
| 003 | CL-VaPUC | ||
| 008 | 991022e19730000FR |||||||||||||||||fre|d | ||
| 082 | 0 | 4 | |a 305.893 |b UNE |2 21 |
| 110 | 2 | |a UNESCO |e author |9 435520 | |
| 245 | 1 | 0 | |a Deux études sur les relations entre groupes ethniques en Afrique: Senegal, Republique-Unie de Tanzanie |
| 300 | |a 180 p | ||
| 942 | |c BK | ||
| 945 | |d 19991022 00:00:00 |a crobeson | ||
| 260 | |a París |b UNESCO |c 1973 | ||
| 650 | 7 | |a RELACIONES ETNICAS |2 CL-VaPUC |9 435521 | |
| 650 | 0 | |a Etnografía |9 309735 | |
| 650 | 7 | |a ETNOGRAFIA CULTURAL |2 CL-VaPUC |9 435522 | |
| 650 | 7 | |a GRUPOS ETNICOS |2 CL-VaPUC |9 324200 | |
| 651 | 0 | |a África |9 256790 | |
| 583 | |a last modification |c 19991022 00:00:00 |k Rodrigo Vera | ||
| 999 | |c 283986 |d 283984 | ||
| 952 | |0 0 |1 0 |4 0 |6 305_893000000000000_UNE_1973 |7 0 |8 A |9 327569 |a BIBHIS |b BIBHIS |d 2019-11-20 |i 1358901 |o 305.893 UNE 1973 |p 1358901 |r 2025-01-20 |w 2019-11-20 |y BK |k HIS | ||